[Event "7th Uppsala Young Champions"]
[Site "Uppsala"]
[Date "2020.10.26"]
[Round "6.6"]
[White "Seo, Jung Min"]
[Black "Trost, Edvin"]
[Result "1-0"]
[WhiteElo "2455"]
[BlackElo "2202"]
[Annotator "ChessBase"]
[PlyCount "111"]
[EventDate "2020.10.23"]
[EventType "swiss"]
[EventCountry "SWE"]
[SourceTitle "playchess.com"]
[Source "ChessBase"]
[SourceQuality "1"]
[TimeControl "5400+30"]

1. e4 {[%emt 0:00:00]} e5 {[%emt 0:00:00]} 2. Nf3 {[%emt 0:00:00]} Nc6 {[%emt 0:00:01]} 3. Bb5 {[%emt 0:00:00]} a6 {[%emt 0:00:19]} 4. Ba4 {[%emt 0:00:00]} Nf6 {[%emt 0:00:10]} 5. O-O {[%emt 0:00:21]} Be7 {[%emt 0:00:21]} 6. d3 {[%emt 0:02:19]} b5 {[%emt 0:01:05]} 7. Bb3 {[%emt 0:00:04]} O-O {[%emt 0:00:42]} 8. Nc3 {[%emt 0:00:14]} d6 {[%emt 0:03:48]} 9. a3 {[%emt 0:00:06]} Be6 {[%emt 0:04:39]} 10. Nd5 {[%emt 0:02:42]} Nd4 {[%emt 0:13:00]} 11. Nxd4 {[%emt 0:02:18]} exd4 {[%emt 0:00:32]} 12. Nxf6+ {[%emt 0:05:48]} Bxf6 {[%emt 0:00:10]} 13. Bxe6 {[%emt 0:00:02]} fxe6 {[%emt 0:00:07]} 14. f4 {[%emt 0:00:20]} c5 {[%emt 0:03:12]} 15. Qg4 {[%emt 0:01:54]} Qd7 {[%emt 0:07:51]} 16. Bd2 {[%emt 0:02:23]} Rae8 {[%emt 0:16:09]} 17. Rae1 {[%emt 0:03:05]} Rf7 {[%emt 0:07:37]} 18. h4 {[%emt 0:01:31]} d5 {[%emt 0:01:37]} 19. h5 {[%emt 0:05:29]} dxe4 {[%emt 0:00:58]} 20. Rxe4 {[%emt 0:00:38]} Qd5 {[%emt 0:00:55]} 21. Rfe1 {[%emt 0:06:29]} Rfe7 {[%emt 0:00:11]} 22. b3 {[%emt 0:01:07]} Kf7 {[%emt 0:03:06]} 23. Qh3 {[%emt 0:01:15]} e5 {[%emt 0:21:54]} 24. f5 {[%emt 0:04:41]} h6 {[%emt 0:00:02]} 25. Qg4 {[%emt 0:00:10]} Kf8 {[%emt 0:00:14]} 26. Rf1 {[%emt 0:02:24]} Rd7 {[%emt 0:00:51]} 27. Rfe1 {[%emt 0:02:34]} Qf7 {[%emt 0:01:34]} 28. Bf4 {[%emt 0:03:15]} Rde7 {[%emt 0:00:34]} 29. Bd2 {[%emt 0:00:31]} Rd7 {[%emt 0:00:22]} 30. Qg6 {[%emt 0:01:27]} Rde7 {[%emt 0:03:45]} 31. Kh2 {[%emt 0:03:38]} Rc7 {[%emt 0:00:12]} 32. g3 {[%emt 0:01:06]} Kg8 {[%emt 0:02:57]} 33. Kh3 {[%emt 0:00:34]} Kf8 {[%emt 0:01:28]} 34. Ba5 {[%emt 0:02:11]} Rb7 {[%emt 0:00:06]} 35. c3 {[%emt 0:03:31]} dxc3 {[%emt 0:06:29]} 36. Bxc3 {[%emt 0:00:05]} Rbe7 {[%emt 0:00:30]} 37. b4 {[%emt 0:00:31]} Qb3 {[%emt 0:00:30]} 38. Bd2 {[%emt 0:00:09]} Qxd3 {[%emt 0:00:30]} 39. Bxh6 {[%emt 0:00:12]} Rf7 {[%emt 0:00:18]} 40. Be3 {[%emt 0:01:24]} c4 {[%emt 0:00:42]} 41. h6 {[%emt 0:00:32]} Rc8 {[%emt 0:00:30]} 42. h7 {[%emt 0:01:07]} Ke7 {[%emt 0:00:28]} 43. Bc5+ {[%emt 0:00:05]} Rxc5 {[%emt 0:00:03]} 44. h8=Q {[%emt 0:00:47]} Rd5 {[%emt 0:00:07]} 45. Rxe5+ {[%emt 0:01:22]} Rxe5 {[%emt 0:00:22]} 46. Rxe5+ {[%emt 0:00:03]} Kd6 {[%emt 0:00:15]} 47. Re1 {[%emt 0:00:48]} Rd7 {[%emt 0:00:36]} 48. Qb8+ {[%emt 0:00:06]} Kd5 {[%emt 0:00:07]} 49. Qbe8 {[%emt 0:00:50]} Rd6 {[%emt 0:00:13]} 50. Qg4 {[%emt 0:01:35]} Be5 {[%emt 0:00:40]} 51. Qxe5+ {[%emt 0:00:33]} Kc6 {[%emt 0:00:19]} 52. Qc5+ {[%emt 0:00:03]} Kb7 {[%emt 0:00:09]} 53. Re7+ {[%emt 0:00:13]} Rd7 {[%emt 0:00:02]} 54. Rxd7+ {[%emt 0:00:12]} Qxd7 {[%emt 0:00:02]} 55. Qe4+ {[%emt 0:00:07]} Kb8 {[%emt 0:00:01]} 56. Qe6 {[%emt 0:00:19]} 1-0

[Event "7th Uppsala Young Champions"]
[Site "Uppsala"]
[Date "2020.10.26"]
[Round "6.7"]
[White "Kucuksari, Kaan"]
[Black "Seo, Jung Hyun"]
[Result "1-0"]
[WhiteElo "2384"]
[BlackElo "1936"]
[Annotator "TA"]
[PlyCount "149"]
[EventDate "2020.10.23"]
[EventType "swiss"]
[EventCountry "SWE"]
[SourceTitle "playchess.com"]
[Source "ChessBase"]
[SourceQuality "1"]

{[%evp 15,149,-40,-40,-53,-37,-41,-29,-85,-87,-86,-81,-76,-56,-104,-104,-95,-91,-139,-30,-32,-19,-28,-13,-33,-10,-45,-5,-14,-18,-14,-26,-20,-20,-32,0,0,0,0,0,0,0,-11,0,0,0,0,0,0,24,25,90,90,90,95,81,84,89,75,90,89,94,99,99,88,92,96,138,138,152,123,156,167,274,269,293,224,267,231,234,234,275,268,361,264,423,423,421,416,561,568,492,37,1897,1904,2597,1472,1870,1707,29971,29972,29979,29980,29981,29980,29980,29981,29981,29982,29982,29981,29982,29983,29983,29984,29984,29985,29985,29986,29986,29987,29987,29988,29988,29987,29987,29988,29988,29989,29990,29991,29991,29991,29993,29994,29994,29990]} 1. d4 e6 2. c4 Nf6 3. g3 d5 4. Bg2 dxc4 5. Qa4+ Nbd7 6. Nf3 a6 7. Qxc4 b5 8. Qc2 Bb7 9. O-O {E03: Open Catalan: 5 Qa4+ Nbd7 6 Qxc4.} Rc8 10. a4 b4 11. a5 (11. Bg5 $11) 11... c5 $17 12. Qa4 Bc6 13. Qd1 {[#]} cxd4 $146 ({Predecessor:} 13... c4 14. Nbd2 c3 15. bxc3 bxc3 16. Nb3 Bb4 17. Ne1 Bxg2 18. Kxg2 Qc7 19. Qc2 O-O {½-½ (50) Tasic,Z (2158)-Kanmazalp,O (2414) Obrenovac 2013}) 14. Qxd4 Bc5 15. Qh4 O-O 16. Nbd2 {[%cal Bb1d2,Bd2b3,Bb3d4][%mdl 32]} Qe7 (16... Be7 $1 $17 17. Rd1 Bd5) 17. Nb3 $11 Bd6 18. Nbd4 Bd5 19. Re1 {Threatening e4.} Nc5 20. Bf4 Nce4 21. Bxd6 Nxd6 22. Ne5 $1 Bxg2 23. Kxg2 Qb7+ 24. Kg1 Nc4 25. Ndc6 Nxe5 26. Nxe5 Rc2 27. Nd3 b3 $1 28. Qa4 Rb8 29. Rac1 Rbc8 30. Rxc2 Rxc2 31. Qd4 {Intending Qd8+ and mate.} h6 32. Nb4 Rc7 {[#]} (32... Rc8 $11) 33. Nxa6 $1 $16 {[%mdl 512]} Rd7 (33... Qxa6 34. Qd8+) 34. Nc5 Rxd4 35. Nxb7 {[%mdl 4096] Endgame Strongly threatening Ra1. KRN-KRN} Ra4 36. Rb1 Ne4 {[#]} 37. f3 $1 {[%cal Rf3e4]} Nd2 38. Rd1 Nc4 39. Rd3 Nxb2 40. Rxb3 Nc4 41. Rb5 g5 42. Kf2 Kg7 43. Rc5 Kf6 {[#]} (43... Nd2 $142 44. Nd6 Kg6) 44. a6 $1 $18 {[%mdl 512]} Nb6 (44... Rxa6 45. Rxc4) 45. Na5 Nc8 46. Ke3 Na7 {[#]} 47. Kd3 $1 Ra2 48. h3 Kg6 49. h4 Ra4 $2 (49... gxh4 {was worth a try.} 50. gxh4 Kg7) 50. hxg5 hxg5 51. Kc3 g4 52. Kb3 Ra1 53. fxg4 $2 (53. Kb4 $18) 53... Nc6 $2 {[%mdl 8192] Loses the game.} (53... Rb1+ $14 54. Kc3 Rb6) 54. Rxc6 Rxa5 {KR-KR} 55. Kb4 Ra1 56. Kb5 Kg5 57. Rc4 {White mates.} f6 58. Ra4 Rb1+ 59. Ka5 Rb8 60. a7 Rg8 61. Kb6 e5 62. Rb4 Re8 63. Ka6 Rd8 64. Rb8 Rd1 65. Rg8+ Kh6 66. a8=Q Ra1+ 67. Kb7 Rxa8 68. Rxa8 {KR-KPP} Kg5 69. Ra4 f5 70. gxf5 Kxf5 71. Rh4 Kg5 72. Kc6 Kf5 73. Kd5 Kg5 74. Kxe5 Kg6 75. Kf4 {Av CentiPawn Loss W=-35/B=-72. Weighted=-19/-99} 1-0

[Event "7th Uppsala Young Champions"]
[Site "Uppsala"]
[Date "2020.10.26"]
[Round "6.8"]
[White "Frank, Adam"]
[Black "Heimisson, Hilmir Freyr"]
[Result "0-1"]
[WhiteElo "2129"]
[BlackElo "2352"]
[Annotator "ChessBase"]
[PlyCount "132"]
[EventDate "2020.10.23"]
[EventType "swiss"]
[EventCountry "SWE"]
[SourceTitle "playchess.com"]
[Source "ChessBase"]
[SourceQuality "1"]
[TimeControl "5400+30"]

1. e4 {[%emt 0:00:00]} c5 {[%emt 0:00:14]} 2. Nf3 {[%emt 0:00:00]} Nc6 {[%emt 0:00:12]} 3. d4 {[%emt 0:00:00]} cxd4 {[%emt 0:00:08]} 4. Nxd4 {[%emt 0:00:00]} Nf6 {[%emt 0:00:08]} 5. Nc3 {[%emt 0:00:00]} d6 {[%emt 0:00:13]} 6. Bg5 {[%emt 0:00:11]} e6 {[%emt 0:00:15]} 7. Qd2 {[%emt 0:00:18]} a6 {[%emt 0:00:15]} 8. O-O-O {[%emt 0:00:20]} Bd7 {[%emt 0:00:13]} 9. f3 {[%emt 0:01:54]} Be7 {[%emt 0:00:43]} 10. Kb1 {[%emt 0:01:10]} b5 {[%emt 0:09:33]} 11. Nxc6 {[%emt 0:01:59]} Bxc6 {[%emt 0:00:11]} 12. h4 {[%emt 0:00:12]} h6 {[%emt 0:03:33]} 13. Be3 {[%emt 0:01:04]} h5 {[%emt 0:00:11]} 14. Qf2 {[%emt 0:11:00]} Qc7 {[%emt 0:04:19]} 15. Qg3 {[%emt 0:03:45]} b4 {[%emt 0:10:25]} 16. Ne2 {[%emt 0:00:13]} a5 {[%emt 0:00:06]} 17. Nd4 {[%emt 0:02:11]} Rb8 {[%emt 0:04:39]} 18. Bd3 {[%emt 0:28:54]} a4 {[%emt 0:00:50]} 19. Rhe1 {[%emt 0:02:51]} a3 {[%emt 0:28:20]} 20. b3 {[%emt 0:00:33]} O-O {[%emt 0:01:56]} 21. Bc4 {[%emt 0:06:01]} Bd7 {[%emt 0:01:35]} 22. Bh6 {[%emt 0:04:20]} Ne8 {[%emt 0:01:13]} 23. Bc1 {[%emt 0:00:23]} Bf6 {[%emt 0:03:31]} 24. Bg5 {[%emt 0:06:44]} Qc5 {[%emt 0:07:12]} 25. Be3 {[%emt 0:09:32]} Qc8 {[%emt 0:01:48]} 26. Ne2 {[%emt 0:00:54]} Bb5 {[%emt 0:01:45]} 27. Bxb5 {[%emt 0:00:27]} Rxb5 {[%emt 0:00:15]} 28. Bd4 {[%emt 0:00:57]} Bxd4 {[%emt 0:01:33]} 29. Rxd4 {[%emt 0:00:04]} Rc5 {[%emt 0:02:32]} 30. Rc1 {[%emt 0:00:19]} Qa6 {[%emt 0:03:18]} 31. Qe1 {[%emt 0:00:48]} Nf6 {[%emt 0:03:07]} 32. Rxb4 {[%emt 0:01:56]} d5 {[%emt 0:01:16]} 33. e5 {[%emt 0:01:26]} Nd7 {[%emt 0:00:06]} 34. Ra4 {[%emt 0:00:59]} Qb7 {[%emt 0:01:05]} 35. Nd4 {[%emt 0:03:27]} Rc4 {[%emt 0:01:24]} 36. Rxc4 {[%emt 0:01:38]} dxc4 {[%emt 0:00:04]} 37. Qa5 {[%emt 0:00:28]} Ra8 {[%emt 0:04:06]} 38. Qb5 {[%emt 0:00:05]} Nb6 {[%emt 0:00:36]} 39. Qc6 {[%emt 0:02:57]} Qa7 {[%emt 0:00:49]} 40. Qd6 {[%emt 0:02:32]} Nd5 {[%emt 0:01:35]} 41. Nb5 {[%emt 0:02:25]} Qa5 {[%emt 0:01:14]} 42. Qxa3 {[%emt 0:04:00]} Qxa3 {[%emt 0:00:09]} 43. Nxa3 {[%emt 0:00:04]} Rxa3 {[%emt 0:00:06]} 44. Kb2 {[%emt 0:00:08]} Ra5 {[%emt 0:00:47]} 45. bxc4 {[%emt 0:00:04]} Ne3 {[%emt 0:00:54]} 46. Kb3 {[%emt 0:00:15]} Rxe5 {[%emt 0:02:45]} 47. Kb4 {[%emt 0:00:11]} Kf8 {[%emt 0:00:55]} 48. c5 {[%emt 0:01:43]} Ke7 {[%emt 0:00:33]} 49. c4 {[%emt 0:00:30]} Kd7 {[%emt 0:00:34]} 50. Kb5 {[%emt 0:00:08]} Kc7 {[%emt 0:00:26]} 51. Rc3 {[%emt 0:01:10]} Nf5 {[%emt 0:00:16]} 52. Rd3 {[%emt 0:00:42]} Re2 {[%emt 0:01:25]} 53. c6 {[%emt 0:00:05]} Re5+ {[%emt 0:00:21]} 54. c5 {[%emt 0:00:05]} Rd5 {[%emt 0:00:03]} 55. Ra3 {[%emt 0:00:21]} Nd4+ {[%emt 0:00:08]} 56. Kc4 {[%emt 0:00:03]} Nxc6 {[%emt 0:00:06]} 57. Ra8 {[%emt 0:00:03]} Rd4+ {[%emt 0:00:30]} 58. Kc3 {[%emt 0:00:03]} Rxh4 {[%emt 0:00:50]} 59. g3 {[%emt 0:00:16]} Rd4 {[%emt 0:01:00]} 60. a4 {[%emt 0:00:36]} Rd5 {[%emt 0:00:18]} 61. Kc4 {[%emt 0:00:12]} Kb7 {[%emt 0:01:01]} 62. Rf8 {[%emt 0:00:04]} Rf5 {[%emt 0:00:14]} 63. Kb5 {[%emt 0:00:54]} Rxf3 {[%emt 0:00:41]} 64. a5 {[%emt 0:00:03]} Na7+ {[%emt 0:00:34]} 65. Kc4 {[%emt 0:00:20]} h4 {[%emt 0:00:21]} 66. Re8 {[%emt 0:00:12]} hxg3 {[%emt 0:00:35]} 0-1

[Event "7th Uppsala Young Champions"]
[Site "Uppsala"]
[Date "2020.10.26"]
[Round "6.9"]
[White "Johnson, Daniel"]
[Black "Nemec, Jachym"]
[Result "1/2-1/2"]
[WhiteElo "2100"]
[BlackElo "2246"]
[Annotator "NA"]
[PlyCount "94"]
[EventDate "2020.10.23"]
[EventType "swiss"]
[EventCountry "SWE"]
[SourceTitle "playchess.com"]
[Source "ChessBase"]
[SourceQuality "1"]
[TimeControl "5400+30"]

1. e4 {[%emt 0:06:20]} c5 {[%emt 0:00:00]} 2. Nf3 {[%emt 0:00:06]} d6 {[%emt 0:00:00]} 3. Bb5+ {[%emt 0:00:09]} Nd7 {[%emt 0:00:00]} 4. c3 {[%emt 0:00:18]} Ngf6 {[%emt 0:03:19]} 5. Qe2 {[%emt 0:00:47]} a6 {[%emt 0:00:21]} 6. Ba4 {[%emt 0:00:06]} b5 {[%emt 0:03:26]} 7. Bc2 {[%emt 0:00:08]} c4 {[%emt 0:00:36] B51: Sicilian: Moscow Variation (3 Bb5+) without 3...Bd7.} 8. b3 {[%emt 0:02:31]} cxb3 {[%emt 1:26:18]} 9. axb3 {[%emt 0:00:32]} Bb7 {[%emt 0:00:00] [#]} 10. b4 $146 {[%emt 0:06:35]} ({Predecessor:} 10. d4 e6 11. O-O Be7 12. Nbd2 O-O 13. b4 Rc8 14. Bb2 h6 15. Nb3 Nb6 16. Na5 {0-1 (56) Livaic,L (2507)-Aditya,M (2438) chess.com INT 2020}) 10... e6 {[%emt 0:00:00]} 11. O-O {[%emt 0:03:07]} Be7 {[%emt 0:00:00]} 12. d3 {[%emt 0:02:17]} O-O {[%emt 0:00:00]} 13. Bb2 {[%emt 0:07:01]} Qc7 {[%emt 0:00:00]} 14. Rc1 {[%emt 0:02:05]} e5 {[%emt 0:00:00]} 15. c4 {[%emt 0:06:35]} bxc4 {[%emt 0:00:00]} 16. dxc4 {[%emt 0:05:56]} Rfc8 {[%emt 0:00:00]} 17. Nbd2 {[%emt 0:12:07]} a5 {[%emt 0:00:00]} 18. b5 {[%emt 0:05:13]} Nc5 {[%emt 0:00:00]} 19. g3 {[%emt 0:04:31]} Bd8 {[%emt 0:00:00]} 20. Ne1 {[%emt 0:10:59]} Qe7 {[%emt 0:00:00]} 21. Ng2 {[%emt 0:04:39]} Bb6 {[%emt 0:00:00]} 22. Ne3 {[%emt 0:02:26]} Ne6 {[%emt 0:00:00]} ({Not} 22... Nfxe4 $2 23. Nf5 $18) ({Wrong is} 22... Ncxe4 $2 23. Nxe4 Nxe4 24. Nf5 $18) 23. Nd5 {[%emt 0:05:42]} Bxd5 {[%emt 0:00:00]} 24. exd5 {[%emt 0:01:00]} Bd4 {[%emt 0:00:00]} 25. Rcb1 {[%emt 0:06:49]} (25. Ba3 $5 {[%cal Rd5e6]} Bxa1 26. dxe6 $14) 25... Bxb2 {[%emt 0:00:00]} 26. Rxb2 {[%emt 0:02:20]} Nd4 {[%emt 0:00:00]} 27. Qd3 $11 {[%emt 0:00:43]} g6 {[%emt 0:00:00]} 28. b6 {[%emt 0:00:25]} Rcb8 {[%emt 0:00:00]} 29. Ba4 {[%emt 0:00:24]} Nd7 {[%emt 0:00:00]} 30. b7 {[%emt 0:02:32]} Ra7 {[%emt 0:00:03]} 31. Bc6 {[%emt 0:00:22]} Nc5 {[%emt 0:00:32]} 32. Qb1 {[%emt 0:00:35]} a4 {[%emt 0:03:38]} 33. Ne4 {[%emt 0:00:33]} Nxe4 {[%emt 0:01:54]} 34. Qxe4 {[%emt 0:00:10]} Qc7 {[%emt 0:00:10]} 35. Rba2 {[%emt 0:00:47]} f5 {[%emt 0:00:47]} 36. Qg2 {[%emt 0:00:36]} e4 {[%emt 0:01:40]} 37. Rxa4 {[%emt 0:00:26]} Rxa4 {[%emt 0:00:39]} 38. Rxa4 {[%emt 0:00:36]} Nxc6 {[%emt 0:00:10]} 39. dxc6 {[%emt 0:00:09]} Qxc6 {[%emt 0:00:04]} 40. Ra8 {[%emt 0:00:50]} Rxa8 {[%emt 0:02:07]} 41. bxa8=Q+ {[%emt 0:00:07]} Qxa8 {[%emt 0:00:06]} 42. Qf1 {[%emt 0:00:45]} Qa3 {[%emt 0:00:55]} 43. Qd1 {[%emt 0:00:39]} Qc5 {[%emt 0:00:06]} 44. Qa4 {[%emt 0:00:16]} Qc7 {[%emt 0:02:41]} 45. Qe8+ {[%emt 0:00:14]} Kg7 {[%emt 0:00:08]} 46. Qe6 {[%emt 0:00:04]} Qf7 {[%emt 0:01:38]} 47. Qxd6 {[%emt 0:00:13]} Qxc4 {[%emt 0:00:05]} 1/2-1/2

[Event "7th Uppsala Young Champions"]
[Site "Uppsala"]
[Date "2020.10.26"]
[Round "6.10"]
[White "Mica, Marek"]
[Black "Radeva, Viktoria"]
[Result "1-0"]
[WhiteElo "2294"]
[BlackElo "2263"]
[Annotator "NA"]
[PlyCount "107"]
[EventDate "2020.10.23"]
[EventType "swiss"]
[EventCountry "SWE"]
[SourceTitle "playchess.com"]
[Source "ChessBase"]
[SourceQuality "1"]
[TimeControl "5400+30"]

{[%evp 8,77,15,20,21,32767,32767,32767,32767,32767,8,32767,32767,32767,32767,-14,-20,-7,0,0,0,-25,-24,-25,-37,-45,-15,-12,-15,-25,0,-24,17,20,79,37,77,57,107,32767,32767,32767,32767,32767,142,114,130,83,32767,32767,89,32767,32767,77,85,74,95,81,77,85,85,32767,122,127,128,126,32767,101,162,97,114,92]} 1. d4 {[%emt 0:00:00]} d5 {[%emt 0:00:00]} 2. c4 {[%emt 0:00:00]} e6 {[%emt 0:00:00]} 3. Nc3 {[%emt 0:00:00]} Nf6 {[%emt 0:00:00]} 4. cxd5 {[%emt 0:00:22]} exd5 {[%emt 0:00:00]} 5. Bg5 {[%emt 0:00:13]} c6 {[%emt 0:00:00]} 6. e3 {[%emt 0:00:07]} Bd6 {[%emt 0:00:07]} 7. Bd3 {[%emt 0:00:47]} O-O {[%emt 0:00:41]} 8. Qc2 {[%emt 0:00:47]} h6 {[%emt 0:00:06]} 9. Bh4 {[%emt 0:00:32]} Nbd7 {[%emt 0:00:35]} 10. Nf3 {[%emt 0:04:55]} Re8 {[%emt 0:00:09]} 11. Bg3 {[%emt 0:02:50]} Bxg3 {[%emt 0:07:10] D36: Queen's Gambit Declined: Exchange Variation: Main line (5 Bg5 c6 6 Qc2).} 12. hxg3 {[%emt 0:00:06]} Qe7 {[%emt 0:00:38]} 13. O-O {[%emt 0:00:54]} Ne4 {[%emt 0:01:13]} 14. Bxe4 {[%emt 0:00:31]} dxe4 {[%emt 0:01:11]} 15. Nd2 {[%emt 0:00:08]} Nf6 {[%emt 0:00:15] [#]} 16. Rab1 $146 {[%emt 0:00:53]} ({Predecessor:} 16. b4 Bf5 17. Qb2 Rad8 18. Rfc1 a6 19. a4 Ng4 20. Nf1 Nf6 21. b5 cxb5 22. axb5 {1-0 (38) Cech,T (2180)-Blaha,P Czechia 1995}) 16... Bf5 {[%emt 0:06:38]} 17. b4 {[%emt 0:01:08]} Ng4 {[%emt 0:04:12]} 18. Rfc1 {[%emt 0:01:58]} h5 {[%emt 0:02:16]} 19. Nf1 {[%emt 0:04:31]} Qg5 {[%emt 0:11:47]} 20. b5 {[%emt 0:03:50]} h4 {[%emt 0:04:38]} (20... Bd7 $11 {keeps the balance.}) 21. Ne2 {[%emt 0:03:44]} Re6 {[%emt 0:08:55]} 22. bxc6 {[%emt 0:02:56]} bxc6 {[%emt 0:00:34]} 23. Rb2 {[%emt 0:04:51]} hxg3 {[%emt 0:21:39]} 24. Nexg3 {[%emt 0:00:22]} Bg6 {[%emt 0:04:51]} 25. Qc5 {[%emt 0:01:47]} Qh4 {[%emt 0:00:41]} 26. Rcb1 {[%emt 0:04:54]} Kh7 {[%emt 0:02:19]} 27. Rb8 {[%emt 0:00:48]} Rxb8 {[%emt 0:01:40]} 28. Rxb8 {[%emt 0:00:06]} Qf6 {[%emt 0:01:22]} 29. Rb2 {[%emt 0:01:02]} Qe7 {[%emt 0:06:38]} 30. Qxe7 {[%emt 0:08:07]} Rxe7 {[%emt 0:00:01]} 31. a4 {[%emt 0:00:33]} Nf6 {[%emt 0:00:43]} 32. Nd2 {[%emt 0:01:39]} Nd5 {[%emt 0:00:43]} 33. Rc2 {[%emt 0:02:22]} Re6 {[%emt 0:01:12]} 34. Nc4 {[%emt 0:03:53]} f6 {[%emt 0:00:50]} 35. Na5 {[%emt 0:01:21]} Be8 {[%emt 0:02:30]} 36. Nb7 {[%emt 0:00:47]} Kg8 {[%emt 0:02:32]} 37. Rc5 {[%emt 0:03:01]} (37. Nc5 $18 {is more deadly.} Re7 38. Nf5) 37... Kf8 {[%emt 0:02:25]} (37... g6 $16) 38. Ra5 {[%emt 0:02:40]} (38. Rc1 $142) 38... Re7 {[%emt 0:00:22]} 39. Nd6 $16 {[%emt 0:08:28]} Bg6 {[%emt 0:01:56]} 40. Rc5 {[%emt 0:06:09]} Re6 {[%emt 0:02:43]} 41. Nb7 {[%emt 0:00:36]} Nb4 {[%emt 0:01:46]} 42. Rc4 {[%emt 0:01:21]} Nd5 {[%emt 0:00:35]} 43. Rc5 {[%emt 0:01:49]} Be8 {[%emt 0:00:51]} 44. Nf5 {[%emt 0:00:52]} Bg6 {[%emt 0:01:28]} 45. Nfd6 {[%emt 0:00:31]} Be8 {[%emt 0:00:44]} 46. Ra5 {[%emt 0:00:18]} Re7 {[%emt 0:00:48]} 47. Rxa7 {[%emt 0:00:36]} Rd7 {[%emt 0:00:25]} 48. a5 {[%emt 0:00:55]} Ke7 {[%emt 0:00:36]} 49. Nc8+ {[%emt 0:00:33]} Kf8 {[%emt 0:00:06]} 50. a6 {[%emt 0:00:16]} Nb4 {[%emt 0:00:56]} 51. Ncd6 {[%emt 0:00:53]} Ke7 {[%emt 0:00:27]} 52. Ra8 {[%emt 0:00:31]} Bf7 {[%emt 0:00:29]} 53. Nf5+ {[%emt 0:00:39]} Ke6 {[%emt 0:00:27]} 54. Nc5+ {[%emt 0:00:13]} 1-0

[Event "7th Uppsala Young Champions"]
[Site "Uppsala"]
[Date "2020.10.26"]
[Round "6.11"]
[White "Falkevall, Axel"]
[Black "Carlsson, Ludvig"]
[Result "1-0"]
[WhiteElo "2121"]
[BlackElo "2281"]
[Annotator "TA"]
[PlyCount "67"]
[EventDate "2020.10.23"]
[EventType "swiss"]
[EventCountry "SWE"]
[SourceTitle "playchess.com"]
[Source "ChessBase"]
[SourceQuality "1"]

{[%evp 18,67,0,0,0,0,4,4,9,21,20,3,21,0,0,-50,-52,-81,-88,-136,-47,-45,-50,-59,-61,-56,-44,-109,-106,-109,-98,-96,-52,-50,-52,-58,-16,-14,-11,-11,69,72,344,344,522,523,734,706,675,623,1069,1062]} 1. e4 e5 2. Nf3 Nf6 3. Nxe5 d6 4. Nf3 Nxe4 5. d3 Nf6 6. d4 d5 7. Bd3 Bd6 8. O-O O-O 9. h3 h6 10. Nc3 {[%cal Bb1c3,Bc3e2,Be2d4][%mdl 32]} a6 {C01: French: Exchange Variation.} 11. Ne2 {[#]} c5 $146 ({Predecessor:} 11... Re8 12. Bf4 Nc6 13. c3 Bxf4 14. Nxf4 Qd6 15. Qc1 Ne4 16. Bc2 Bf5 17. Nd3 f6 18. Re1 Bh7 19. Nh2 Ne7 {½-½ (58) Ivanisevic,I (2611)-Martinovic,S (2565) Mali Losinj 2017}) 12. dxc5 Bxc5 {The position is equal.} 13. Ned4 Re8 14. c3 Nc6 15. Bf4 Ne4 16. Bxe4 dxe4 17. Nxc6 Qf6 $36 {[%mdl 2048] Black is on the roll.} ({Much worse is} 17... bxc6 $6 18. Qxd8 Rxd8 19. Ne5 $11) 18. Qd5 Bf8 ({Don't do} 18... Qxf4 19. Qxc5 exf3 20. Ne7+ Kh7 21. g3 $15) ({Stronger than} 18... Qxc6 19. Qxc6 bxc6 20. Nd4 $11) (18... bxc6 $17 19. Qxc5 exf3) 19. Ncd4 $15 Qxf4 20. Rfe1 Bxh3 21. gxh3 Rad8 22. Qxb7 (22. Qf5 $1 $15 Qxf5 23. Nxf5 exf3 24. Nd4) 22... exf3 $17 23. Nxf3 Rb8 24. Qd5 Rec8 {[%mdl 1024] Black has strong compensation.} 25. Rab1 Rb5 26. Qe4 Qf6 27. Kg2 Rf5 {[#] Strongly threatening ...Rcc5.} 28. Rbd1 Rcc5 (28... Rf4 $11 29. Qe3 Bc5) 29. Re3 $14 {And now Qa8 would win.} Bd6 $2 {[%mdl 8192] This move loses the game for Black.} (29... Rc8 $16 {keeps fighting.}) 30. b4 $18 {[%cal Bb2b4,Bb4c5][%mdl 32]} Qg6+ (30... Rb5 $142 31. c4 Rg5+ 32. Nxg5 Rxg5+ 33. Kf1 Rf5) 31. Kf1 {White is clearly winning.} Rfd5 32. bxc5 Rxd1+ 33. Ke2 Qg2 {[%csl Gd1][%cal Rg2f1] [#]} 34. Kxd1 {Av CentiPawn Loss W=-12/B=-60. Weighted=-13/-73} 1-0